Biblioteca y Centro de Documentación

La ley de reforma del régimen local de 2013 (Registro nro. 50126)

Detalles MARC
000 -CABECERA
Longitud fija campo de control 01293naa a2200301 c 4500
001 - NÚMERO DE CONTROL
Número de control 50126
003 - IDENTIFICADOR DE NÚMERO DE CONTROL
Identificador del número de control ES-MaCES
005 - FECHA Y HORA DE LA ÚLTIMA TRANSACCIÓN
Fecha y hora de la última transacción 20171023105704.0
008 - CAMPO FIJO DE DESCRIPCIÓN FIJA--INFORMACIÓN GENERAL
Códigos de información de longitud fija   171023s2017 sp ||||| t||||||| ||spa d
040 ## - FUENTE DE CATALOGACIÓN
Centro catalogador de origen ES-MaCES
Lengua de catalogación spa
Centro transcriptor ES-MaCES
Centro modificado ES-MaCES
100 ## - ENCABEZAMIENTO PRINCIPAL--NOMBRE PERSONAL
9 (RLIN) 38646
Nombre de persona Barrero Rodríguez, Concepción
245 13 - MENCIÓN DE TÍTULO
Título La ley de reforma del régimen local de 2013
Resto del título : ¿ha modificado realmente las competencias de los municipios?
Mención de responsabilidad, etc. Concepción Barrero Rodríguez
500 ## - NOTA GENERAL
Nota general Resumen
610 14 - ASIENTO SECUNDARIO DE MATERIA--NOMBRE CORPORATIVO
9 (RLIN) 36922
Nombre de entidad corporativa o nombre de jurisdicción como elemento inicial España
Fecha del congreso o de la firma de un tratado 2013
Título de la obra Ley de racionalización y sostenibilidad de la Administración Local
650 #4 - ASIENTO SECUNDARIO DE MATERIA--TÉRMINO DE MATERIA
9 (RLIN) 27214
Término de materia o nombre geográfico como elemento inicial administración pública
650 #4 - ASIENTO SECUNDARIO DE MATERIA--TÉRMINO DE MATERIA
9 (RLIN) 27230
Término de materia o nombre geográfico como elemento inicial servicios públicos
650 #4 - ASIENTO SECUNDARIO DE MATERIA--TÉRMINO DE MATERIA
9 (RLIN) 30889
Término de materia o nombre geográfico como elemento inicial transferencia de competencias
650 #4 - ASIENTO SECUNDARIO DE MATERIA--TÉRMINO DE MATERIA
9 (RLIN) 27219
Término de materia o nombre geográfico como elemento inicial gobierno local
650 #4 - ASIENTO SECUNDARIO DE MATERIA--TÉRMINO DE MATERIA
9 (RLIN) 27220
Término de materia o nombre geográfico como elemento inicial nivel local
650 #4 - ASIENTO SECUNDARIO DE MATERIA--TÉRMINO DE MATERIA
9 (RLIN) 27155
Término de materia o nombre geográfico como elemento inicial derecho administrativo
650 #4 - ASIENTO SECUNDARIO DE MATERIA--TÉRMINO DE MATERIA
9 (RLIN) 27153
Término de materia o nombre geográfico como elemento inicial legislación
650 #4 - ASIENTO SECUNDARIO DE MATERIA--TÉRMINO DE MATERIA
9 (RLIN) 27194
Término de materia o nombre geográfico como elemento inicial tribunal constitucional
650 #4 - ASIENTO SECUNDARIO DE MATERIA--TÉRMINO DE MATERIA
9 (RLIN) 28624
Término de materia o nombre geográfico como elemento inicial jurisprudencia
653 10 - TÉRMINO DE INDEXACIÓN--NO CONTROLADO
Término no controlado Administración-Instituciones públicas
773 0# - ENTRADA DE DOCUMENTO FUENTE
Itemnumber del ítem fuente 86459
Lugar, editor y fecha de publicación Madrid (Ignacio Ellacuría, 3, 28017) Civitas
Otro identificador del documento 089356
Título Revista española de Derecho administrativo
Número de control del registro relacionado (ES-MaCES)25059
Parte(s) relacionada(s) n. 184 (abr.-jun. 2017) {10039 R. 089356} ;p. 41-73
902 ## - CES. TIPO DE DOCUMENTO
Tipodoc (006$c Sirtex) ART Artículo de revista
942 ## - ELEMENTOS KOHA
Fuente de clasificaión o esquema Clasificación propia del CES
Koha [por defecto] tipo de item Artículos (1982-2017)
Parte de clasificación Administración e Instituciones Públicas

No hay ítems disponibles.

© CES, Consejo Económico y Social de España 2021